000 00726nam a22002297a 4500
999 _c13029
_d13029
003 AR-CdUCM
008 190411b ||||| |||| 00| 0 spa d
040 _aMUNICIPALIDAD PROVINCIAL DEL CUSCO
_cBIBLIOTECA MUNICIPAL DEL CUSCO
082 _aES / 373.803 /
_bC95
110 _aMinisterio de educación Chile
_931202
245 _a12 cuentos andinos /
260 _aSantiago :
_bEdiciones revista de educación,
300 _a76 paginas ;
_bIlustraciones, graficos, dibujos,
_c26 cm.
500 _aCuentos andinos de chile
650 _aCuentos
_9312
650 _aAndinos
_930905
650 _aHistorias
_92725
650 _aLiteratura
_983
650 _aChile
_91150
942 _2ddc
_cLIBROS
945 _apjha
_d2019-04-11